Science Quiz

Random Science or Math Quiz

1 to 100 in Hexadecimal Quiz Stats

Quiz Updated Mar 8, 2012

Challenge
Share
Tweet
Embed
Score 0/100 Timer 01:00
21 Plays Today
Decimal Number Hex Number % Correct
11
98.5%
22
97.5%
33
97.3%
44
97.1%
55
96.9%
66
96.8%
77
96.1%
88
95.9%
99
95.7%
1711
89.3%
1610
89%
1812
88.8%
1913
86.9%
2014
86.3%
2115
85.9%
2216
85.7%
2317
84.6%
2418
84.3%
2519
83.9%
3220
80.6%
3321
79.8%
3422
78.7%
3523
78.6%
3624
77.2%
3725
76.7%
3826
76.1%
3927
75.4%
4028
74.9%
4129
74.4%
4830
70.6%
4931
69.4%
5032
68.9%
5234
67.9%
5133
67.5%
Decimal Number Hex Number % Correct
5335
66.5%
5436
65.9%
5537
65.1%
10A
64.8%
5638
64.6%
14E
64.1%
5739
64.1%
11B
63.3%
12C
63.1%
13D
62.9%
15F
62.3%
6440
60.1%
6541
58.8%
6642
57.9%
6743
57.3%
6945
56.9%
6844
56.4%
261A
55.7%
7046
54.7%
7147
54%
7248
53.5%
7349
52.8%
271B
52.6%
281C
51.2%
291D
50%
8050
49.5%
301E
49.1%
311F
48.9%
8151
48.1%
8252
47.2%
8353
46.3%
8454
46%
422A
45.8%
8555
45.3%
Decimal Number Hex Number % Correct
8656
45.1%
8757
43%
432B
42.6%
8858
42.4%
8959
41.8%
442C
40.8%
452D
39.4%
9660
38.7%
462E
38.5%
472F
37.8%
9761
37.5%
9862
36.5%
9963
35.6%
583A
35.3%
10064
34.9%
593B
32.2%
603C
30.8%
613D
29.6%
623E
28.6%
633F
28%
744A
26.2%
754B
23.3%
764C
21.8%
774D
20.7%
784E
19.8%
794F
19%
905A
18.8%
915B
16.2%
925C
14.9%
935D
13.9%
945E
13.1%
955F
12.5%

You're not logged in!

Compare scores with friends on all Sporcle quizzes.
Join for Free
OR
Log In

You Might Also Like...

Show Comments

Extras

Top Quizzes Today


Score Distribution

Your Account Isn't Verified!

In order to create a playlist on Sporcle, you need to verify the email address you used during registration. Go to your Sporcle Settings to finish the process.

Report this User

Report this user for behavior that violates our Community Guidelines.

Details: